Guiding Lights- Ghost - Statistics

General Stats
  • This quiz has been taken 25 times
  • The average score is 121 of 148
Answer Stats
Answer % Correct
And
100%
are
100%
go
100%
guiding
100%
I
100%
is
100%
lead
100%
leads
100%
lights
100%
(lights),
100%
long
100%
long x5
100%
lost
100%
no
100%
nowhere
100%
on
100%
road
100%
That
100%
that
100%
the
100%
The
100%
There
100%
there
100%
to
100%
who
100%
you
100%
be
80%
before
80%
could
80%
God,
80%
God
80%
hear
80%
heart
80%
If
80%
me
80%
my
80%
saying
80%
see
80%
stood
80%
tell
80%
them
80%
they
80%
those
80%
turn
80%
what
80%
would
80%
Can't
60%
dark
60%
Do
60%
here
60%
into
60%
know
60%
open
60%
our
60%
path
60%
right
60%
said?
60%
stands
60%
truth
60%
us
60%
we
60%
around
40%
fear
40%
have
40%
It
40%
Led
40%
pause
40%
seek
40%
walked
40%
want
40%
with
40%
just
20%
powers
20%
told
20%
would've
20%
could've
0%
found
0%
its
0%
Through
0%
way
0%
No matching quizzes found
Score Distribution
Percent of People with Each Score
Percentile by Number Answered
Your Score History
You have not taken this quiz